|
|
|
|
| LEADER |
02927nam a2200385 a 4500 |
| 001 |
22274 |
| 003 |
BD-DhAAL |
| 005 |
20231009105500.0 |
| 008 |
110330s2009 bg b 001 0 eng d |
| 010 |
|
|
|a 2009346161
|
| 020 |
|
|
|a 9847022000394
|
| 040 |
|
|
|a DLC
|c DLC
|d DLC
|d BD-DhAAL
|
| 082 |
0 |
4 |
|a 320.95492
|
| 100 |
1 |
|
|a Kamal, Ahmed.
|9 40672
|
| 245 |
1 |
0 |
|a State against the nation :
|b the decline of the muslim league in pre-independence Bangladesh,
|n 1947-54 /
|c Ahmed Kamal.
|
| 260 |
|
|
|a Dhaka :
|b University Press Limited,
|c 2009, 2016.
|
| 300 |
|
|
|a xviii, 257 pages ;
|c 22 cm.
|
| 504 |
|
|
|a Includes bibliographical references (pages [241]-249) and index.
|
| 526 |
|
|
|a GenEd
|
| 541 |
1 |
|
|a Donated by Akbar Ali Khan, Book Finder International
|e 22274, 37378, 37379, 37904, 39501, 18830
|
| 610 |
2 |
0 |
|a Bengal Provincial Muslim League
|x History.
|9 40673
|
| 650 |
|
0 |
|a Muslims
|x Political activity
|z Bangladesh.
|9 40674
|
| 651 |
|
0 |
|a Bangladesh
|x Politics and government.
|9 40675
|
| 852 |
4 |
|
|a Ayesha Abed library
|c General Stacks
|
| 942 |
|
|
|2 ddc
|c BK
|
| 999 |
|
|
|c 10609
|d 10609
|
| 952 |
|
|
|0 0
|1 0
|2 ddc
|4 0
|6 320_954920000000000_KAM
|7 0
|9 15931
|a BRACUL
|b BRACUL
|c GEN
|d 2011-03-30
|e The University Press
|g 560.00
|l 2
|m 31
|o 320.95492 KAM
|p 3010022274
|r 2025-08-25
|s 2024-10-26
|t 1
|w 2011-03-30
|y BK
|x Transferred from BDI to BRACUL on 04/01/2024
|
| 952 |
|
|
|0 0
|1 0
|2 ddc
|4 0
|6 320_954920000000000_KAM
|7 0
|9 19335
|a BRACUL
|b BRACUL
|c GEN
|d 2012-01-31
|l 1
|m 4
|o 320.95492 KAM
|p 3010024351
|r 2017-05-11
|s 2016-05-29
|t 3
|w 2012-01-31
|y BK
|
| 952 |
|
|
|0 0
|1 0
|2 ddc
|4 0
|6 320_954920000000000_KAM
|7 0
|9 19336
|a BRACUL
|b BRACUL
|c GEN
|d 2012-01-31
|e Devlopment Book Agency
|g 504.00
|l 3
|m 29
|o 320.95492 KAM
|p 3010024350
|r 2014-12-11
|s 2014-12-07
|t 2
|w 2012-01-31
|y BK
|
| 952 |
|
|
|0 0
|1 0
|2 ddc
|4 0
|6 320_954920000000000_KAM
|7 0
|9 20855
|a IGS
|b IGS
|c GEN
|d 2012-07-31
|e The University Press
|g 560.00
|l 1
|m 2
|o 320.95492 KAM
|p 3010025729
|r 2014-06-09
|s 2013-02-18
|t 4
|w 2012-07-31
|y BK
|
| 952 |
|
|
|0 0
|1 0
|2 ddc
|4 0
|6 320_954920000000000_KAM
|7 0
|9 69172
|a SCL
|b SCL
|c GEN
|d 2020-12-09
|e Hye Trade International
|g 333.00
|l 0
|o 320.95492 KAM
|p 3020037378
|r 2020-12-09
|t 5
|v 333.00
|w 2020-12-09
|y BK
|x Received during COVID-19 pandemic
|
| 952 |
|
|
|0 0
|1 0
|2 ddc
|4 0
|6 320_954920000000000_KAM
|7 0
|9 69173
|a SCL
|b SCL
|c GEN
|d 2020-12-09
|e Hye Trade International
|g 333.00
|l 0
|o 320.95492 KAM
|p 3020037379
|r 2020-12-09
|t 6
|v 333.00
|w 2020-12-09
|y BK
|x Received during COVID-19 pandemic
|
| 952 |
|
|
|0 0
|1 0
|2 ddc
|4 0
|6 320_954920000000000_KAM
|7 1
|9 69978
|a BRACUL
|b BRACUL
|c AAKC
|d 2022-03-03
|e Donated by Akbar Ali Khan
|l 0
|o 320.95492 KAM
|p 3010037904
|r 2022-03-03
|t 7
|w 2022-03-03
|y BK
|
| 952 |
|
|
|0 0
|1 0
|2 ddc
|4 0
|6 320_954920000000000_KAM
|7 0
|9 71517
|a SCL
|b SCL
|c GEN
|d 2022-08-03
|e Book Finder International
|g 321.78
|l 2
|m 1
|o 320.95492 KAM
|p 3020039501
|r 2024-04-01
|s 2024-03-21
|t 8
|v 0.00
|w 2022-08-03
|y BK
|
| 952 |
|
|
|0 0
|1 0
|2 ddc
|4 0
|6 320_954920000000000_KAM
|7 0
|9 73801
|a BIGD
|b BIGD
|c GEN
|d 2023-06-13
|g 560.00
|l 0
|o 320.95492 KAM
|p 3050018830
|r 2023-06-13
|t 9
|w 2023-06-13
|y BK
|x Transferred from BDI to BIGD.
|